The jewel. #1 / Amy Ewing.
Available copies
- 2 of 2 copies available at LARL/NWRL Consortium.
- 2 of 2 copies available at Lake Agassiz Regional Library. (Show preferred library)
Current holds
0 current holds with 2 total copies.
Show Only Available Copies
| Location | Call Number / Copy Notes | Barcode | Shelving Location | Status | Due Date |
|---|---|---|---|---|---|
| Fosston Public Library | Y EWI (Text) | 33500011757143 | Main | Available | - |
| Moorhead Public Library | Y EWI (Text) | 33500011757135 | Main | Available | - |
Record details
- ISBN: 9780062235794 (hardback)
- ISBN: 0062235796 (hardback)
- Physical Description: 358 pages ; 22 cm
- Publisher: New York, NY : HarperTeen, an imprint of HarperCollinsPublishers, 2014.
Content descriptions
| Summary, etc.: | Violet, a poor girl from the outer city, finds ... Read More |
Search for related items by subject
Search for related items by series
| LDR | 02160cam a22005658i 4500 | ||
|---|---|---|---|
| 001 | 170435 | ||
| 003 | LARL_NWRL_CONSORTIUM | ||
| 005 | 20171012172912.0 | ||
| 008 | 140129s2014 nyu d 000 1 eng | ||
| 010 | . | ‡a2014001881 | |
| 020 | . | ‡a9780062235794 (hardback) | |
| 020 | . | ‡a0062235796 (hardback) | |
| 035 | . | ‡a(OCoLC)866620835 | |
| 040 | . | ‡aDLC ‡beng ‡erda ‡cDLC ‡dBTCTA ‡dBDX ‡dINR ‡dOCP ‡dOCO | |
| 042 | . | ‡apcc ‡alcac | |
| 082 | 0 | 0. | ‡a[Fic] ‡223 |
| 084 | . | ‡aJUV014000 ‡aJUV012030 ‡aJUV039110 ‡2bisacsh | |
| 100 | 1 | . | ‡aEwing, Amy. ‡0(LARL_NWRL_CONSORTIUM)221246 |
| 245 | 1 | 4. | ‡aThe jewel. ‡n#1 / ‡cAmy Ewing. |
| 260 | . | ‡aNew York, NY : ‡bHarperTeen, an imprint of HarperCollinsPublishers, ‡c2014. | |
| 300 | . | ‡a358 pages ; ‡c22 cm | |
| 336 | . | ‡atext ‡2rdacontent | |
| 337 | . | ‡aunmediated ‡2rdamedia | |
| 338 | . | ‡avolume ‡2rdacarrier | |
| 490 | 0 | . | ‡aLone city ; ‡v1 |
| 520 | . | ‡aViolet, a poor girl from the outer city, finds forbidden romance and uncovers brutal secrets when, after three years of training, she is purchased by a royal family as a surrogate mother for royal children. | |
| 650 | 1. | ‡aFantasy. ‡0(LARL_NWRL_CONSORTIUM)19981 | |
| 650 | 1. | ‡aCourts and courtiers ‡vFiction. ‡0(LARL_NWRL_CONSORTIUM)164471 | |
| 650 | 1. | ‡aSlavery ‡vFiction. ‡0(LARL_NWRL_CONSORTIUM)167431 | |
| 650 | 1. | ‡aSurrogate mothers ‡vFiction. ‡0(LARL_NWRL_CONSORTIUM)175354 | |
| 650 | 1. | ‡aSocial classes ‡vFiction. ‡0(LARL_NWRL_CONSORTIUM)167306 | |
| 650 | 1. | ‡aLove ‡vFiction. ‡0(LARL_NWRL_CONSORTIUM)176088 | |
| 650 | 1. | ‡aMagic ‡vFiction. ‡0(LARL_NWRL_CONSORTIUM)165984 | |
| 650 | 7. | ‡aJUVENILE FICTION / Girls & Women. ‡2bisacsh | |
| 650 | 7. | ‡aJUVENILE FICTION / Fairy Tales & Folklore / General. ‡2bisacsh | |
| 650 | 7. | ‡aJUVENILE FICTION / Social Issues / Pregnancy. ‡2bisacsh | |
| 650 | 0. | ‡aCourts and courtiers ‡vFiction. ‡0(LARL_NWRL_CONSORTIUM)164471 | |
| 650 | 0. | ‡aSlavery ‡vFiction. ‡0(LARL_NWRL_CONSORTIUM)167431 | |
| 650 | 0. | ‡aSurrogate mothers ‡vFiction. ‡0(LARL_NWRL_CONSORTIUM)175354 | |
| 650 | 0. | ‡aSocial classes ‡vFiction. ‡0(LARL_NWRL_CONSORTIUM)167306 | |
| 650 | 0. | ‡aLove stories. ‡0(LARL_NWRL_CONSORTIUM)24834 | |
| 650 | 0. | ‡aMagic ‡vFiction. ‡0(LARL_NWRL_CONSORTIUM)165984 | |
| 901 | . | ‡a170435 ‡bOCLC ‡c170435 ‡tbiblio | |

Add to basket
Permalink
Disable Highlighting